000 00723nam a2200229 a 4500
999 _c6974
_d6974
001 6974
003 BD-JhCC
005 20180203121457.0
008 171210s2001 bg |||| ||a| 000 0 ben d
020 _a9844652626
035 _a(BD-JhCC)6974
040 _aBD-JhCC
_dBD-JhCC
041 _aben
082 _a891.4435
_bKIB 2001
100 _aকিবরিয়া, শাহনাজ
245 _aনতুন প্রজন্মকে যেসব কথা জানতে হবে /
_cশাহনাজ কিবরিয়া
260 _aঢাকা :
_bসাহিত্য প্রকাশ,
_c2000.
300 _a58 p. :
_c22 cm.
650 _aYouths Storirs
942 _2ddc
_cBK